|
|
|
|
| LEADER |
02435nam a2200289 a 4500 |
| 001 |
GR-MES1475 |
| 008 |
991111s1994 gr 000 0 gre d |
| 040 |
|
|
|a GrPaTEI
|b gre
|c GR-PaULI
|
| 245 |
0 |
0 |
|a Μάρκετινγκ μάνατζμεντ :
|b Ανάλυση, σχεδιασμός, υλοποίηση και έλεγχος
|n 2ος.
|
| 260 |
|
|
|a Αθήνα :
|b interbooks,
|c 1994
|
| 300 |
|
|
|a 2 τ. (1220σελ.) :
|b πιν.
|
| 650 |
|
4 |
|a Μάνατζμεντ
|
| 650 |
|
4 |
|a Μάρκετινγκ
|
| 700 |
1 |
|
|a KOTLER, PHILIP
|
| 710 |
0 |
|
|a interbooks
|
| 942 |
|
|
|2 ddc
|
| 952 |
|
|
|0 0
|1 0
|2 ddc
|4 0
|6 658_800000000000000_KOT
|7 0
|9 265679
|a MSLG
|b MSLG
|c BSC
|d 2021-01-17
|e 24
|f 0
|g 0.00
|l 0
|o 658.8 KOT
|p 2420000004309
|r 2021-01-17 00:00:00
|t 1
|w 2021-01-17
|y BK15
|x 20040429 0 1
|x GrPaTEI
|
| 952 |
|
|
|0 0
|1 0
|2 ddc
|4 0
|6 658_800000000000000_KOT
|7 0
|9 265680
|a MSLG
|b MSLG
|c BSC
|d 2021-01-17
|e 24
|f 0
|g 0.00
|l 0
|o 658.8 KOT
|p 2420000004310
|r 2021-01-17 00:00:00
|t 1
|w 2021-01-17
|y BK15
|x 19991111 0 1
|x GrPaTEI
|
| 952 |
|
|
|0 0
|1 0
|2 ddc
|4 0
|6 658_800000000000000_KOT
|7 0
|9 265681
|a MSLG
|b MSLG
|c BSC
|d 2021-01-17
|e 24
|f 0
|g 0.00
|l 0
|o 658.8 KOT
|p 2420000004311
|r 2021-01-17 00:00:00
|t 1
|w 2021-01-17
|y BK15
|x 19991111 0 1
|x GrPaTEI
|
| 952 |
|
|
|0 0
|1 0
|2 ddc
|4 0
|6 658_800000000000000_KOT
|7 0
|9 265682
|a MSLG
|b MSLG
|c BSC
|d 2021-01-17
|e 24
|f 0
|g 0.00
|l 0
|o 658.8 KOT
|p 2420000004312
|r 2021-01-17 00:00:00
|t 1
|w 2021-01-17
|y BK15
|x 19991111 0 1
|x GrPaTEI
|
| 952 |
|
|
|0 0
|1 0
|2 ddc
|4 0
|6 658_800000000000000_KOT
|7 0
|9 265683
|a MSLG
|b MSLG
|c BSC
|d 2021-01-17
|e 24
|f 0
|g 0.00
|l 0
|o 658.8 KOT
|p 2420000004313
|r 2021-01-17 00:00:00
|t 1
|w 2021-01-17
|y BK15
|x 19991111 0 1
|x GrPaTEI
|
| 952 |
|
|
|0 0
|1 0
|2 ddc
|4 0
|6 658_800000000000000_KOT
|7 0
|9 265684
|a MSLG
|b MSLG
|c BSC
|d 2021-01-17
|e 24
|f 0
|g 0.00
|l 0
|o 658.8 KOT
|p 2420000005716
|r 2021-01-17 00:00:00
|t 1
|w 2021-01-17
|y BK15
|x 19991111 0 1
|x GrPaTEI
|
| 952 |
|
|
|0 0
|1 0
|2 ddc
|4 0
|6 658_800000000000000_KOT
|7 0
|9 265685
|a MSLG
|b MSLG
|c BSC
|d 2021-01-17
|e 24
|f 0
|g 0.00
|l 0
|o 658.8 KOT
|p 2420000005717
|r 2021-01-17 00:00:00
|t 1
|w 2021-01-17
|y BK15
|x 19991111 0 1
|x GrPaTEI
|
| 952 |
|
|
|0 0
|1 0
|2 ddc
|4 0
|6 658_800000000000000_ΚΟΤ
|7 0
|9 265686
|a MSLG
|b MSLG
|c BSC
|d 2021-01-17
|e 24
|f 0
|g 0.00
|l 0
|o 658.8 ΚΟΤ
|p 2420000007546
|r 2021-01-17 00:00:00
|t 1
|w 2021-01-17
|y BK15
|x 20050615 0 1
|x GrPaTEI
|
| 952 |
|
|
|0 0
|1 0
|2 ddc
|4 0
|6 658_800000000000000_ΚΟΤ
|7 0
|9 265687
|a MSLG
|b MSLG
|c BSC
|d 2021-01-17
|e 24
|f 0
|g 0.00
|l 0
|o 658.8 ΚΟΤ
|p 2420000014461
|r 2021-01-17 00:00:00
|t 1
|w 2021-01-17
|y BK15
|x 20050615 0 1
|x GrPaTEI
|
| 971 |
|
|
|a .b2572518x
|b 17-06-20
|c 13-09-16
|
| 999 |
|
|
|c 152722
|d 152722
|